Early Indian poetry in English : (Record no. 33635)

MARC details
000 -LEADER
fixed length control field 01086cam a2200277 a 4500
005 - DATE AND TIME OF LATEST TRANSACTION
control field 20060727191221.0
008 - FIXED-LENGTH DATA ELEMENTS--GENERAL INFORMATION
fixed length control field 051208s2005 ii b 000 0 eng
010 ## - LCCN (DPL NO)
LC control number ENG-95839
020 ## - INTERNATIONAL STANDARD BOOK NUMBER
International Standard Book Number 9780198066804
Terms of availability 295.00
020 ## - INTERNATIONAL STANDARD BOOK NUMBER
International Standard Book Number 0198066805
Terms of availability 295.00
035 ## - SYSTEM CONTROL NUMBER
System control number EN-79312
037 ## - SOURCE OF ACQUISITION
Source of stock number/acquisition DBAD/PUB
040 ## - CATALOGING SOURCE
Original cataloging agency DPL
245 ## - TITLE STATEMENT
Title Early Indian poetry in English :
Remainder of title an anthology: 1829-1947 /
Statement of responsibility, etc edited and with an introduction by Eunice De Souza.
246 ## - VARYING FORM OF TITLE
Title proper/short title Early Indian poetry in English 1829-1947
260 ## - PUBLICATION, DISTRIBUTION, ETC. (IMPRINT)
Place of publication, distribution, etc New Delhi ;
Name of publisher, distributor, etc Oxford University Press,
Date of publication, distribution, etc 2010
300 ## - PHYSICAL DESCRIPTION
Extent xxxi, 341 p.
Dimensions 22 cm.(Pbk)
500 ## - GENERAL NOTE
General note Includes bibliographical references
650 ## - SUBJECT ADDED ENTRY--TOPICAL TERM
Topical term or geographic name as entry element Indic poetry (English)
Chronological subdivision 19th century.
650 ## - SUBJECT ADDED ENTRY--TOPICAL TERM
Topical term or geographic name as entry element Indic poetry (English)
Chronological subdivision 20th century.
700 ## - ADDED ENTRY--PERSONAL NAME
Personal name De Souza, Eunice.
856 ## - ELECTRONIC LOCATION AND ACCESS
Uniform Resource Identifier <a href="http://www.loc.gov/catdir/enhancements/fy0639/2005386876-t.html">http://www.loc.gov/catdir/enhancements/fy0639/2005386876-t.html</a>
942 ## - ADDED ENTRY ELEMENTS (KOHA)
Source of classification or shelving scheme Dewey Decimal Classification
Item type English Books
Call number suffix EAR
Holdings
Withdrawn status Lost status Source of classification or shelving scheme Damaged status Not for loan Collection code Home library Current library Date acquired Source of acquisition Cost, normal purchase price Total Checkouts Full call number Barcode Date last seen Copy number Cost, replacement price Koha item type
    Dewey Decimal Classification   Not For Loan Non-fiction D.B.Act.Division D.B.Act.Division 16/01/2010 DBAD/PUB 295.00   EAR EN-79372 16/01/2010 1 295.00 English Books

© Delhi Public Library
Hit Counter
free hit counter